000 00684nam a2200205 4500
001 137616
003 ES-MaACL
005 20230906195416.0
007 t|
008 070214s1922 sp r ||||1| spa d
100 1 _aSalazar Mouliáa, Zacarías.
_9101825
245 1 0 _aValoración agrícola y catastro /
_cpor Zacarías Salazar Mouliáa ; prólogo de José A. de Oteyza.
260 _aMadrid :
_bArtes de la Ilustración,
_c1922.
300 _a212 p. :
_bil. ;
_c20 x 14 cm.
490 1 _aBiblioteca agrícola española
700 1 _aOteyza, José A. de.
_987925
830 0 _aBiblioteca agrícola española
_9181895
852 _aES-MaACL
_jB-12507
999 _c137616
_d137616